MARC
LEADER
00000nam0a2200000 4500
001
264719
005
20231031222857.0
010
|a 5211000463
020
|a RU
|b 88-75436
035
|a (RuTPU)RU\TPU\book\287716
090
|a 264719
100
|a 20140621d1988 k y0rusy5003 ca
101
0
|a rus
102
|a RU
105
|a y z 001zy
200
1
|a Интенсификация общественного производства и совершенствование экономического сотрудничества стран социализма
|f под ред. М. Н. Осьмовой ; Б. М. Смитиенко ; А. К. Шуркалина
210
|a Москва
|c Изд-во МГУ
|d 1988
215
|a 287 с.
333
|a Исключено из фонда НТБ ТПУ
702
1
|a Осьмова
|b М. Н.
|g Маркиана Николаевна
|4 340
702
1
|a Смитиенко
|b Б. М.
|4 340
702
1
|a Шуркалин
|b А. К.
|4 340
801
0
|a RU
|b RuMRKP
|c 19950417
|g psbo
801
1
|a RU
|b 63413507
|c 20140621
801
2
|a RU
|b 63413507
|c 20220413
|g RCR
942
|c BK